Normal view
MARC view
- Mitchell , Wesley
Entry Personal Name
001 - CONTROL NUMBER
- control field: 134355
003 - CONTROL NUMBER IDENTIFIER
- control field: NUST
005 - DATE AND TIME OF LATEST TRANSACTION
- control field: 20260506165003.0
008 - FIXED-LENGTH DATA ELEMENTS
- fixed length control field: 260506|| aca||aabn | a|a d
040 ## - CATALOGING SOURCE
- Original cataloging agency: NUST
- Transcribing agency: NUST
100 ## - HEADING--PERSONAL NAME
- Personal name: Mitchell , Wesley
670 ## - SOURCE DATA FOUND
- Source citation: Work cat.: (NUST): Mitchell , Wesley., Business Cycles: The Problem and Its Setting: Studies in business cycles No. 1 /, 1949.
